| Tag |
First Indicator |
Second Indicator |
Subfields |
| LEADER |
00000nam a2200000 i 4500 |
| 001 |
in00005694321 |
| 003 |
OCoLC |
| 005 |
20240913140058.1 |
| 006 |
m o d |
| 007 |
cr ||||||||||| |
| 008 |
240107s2024 flu ob 001 0 eng |
| 010 |
|
|
|a 2023036437
|
| 024 |
8 |
|
|a 90103644472
|
| 040 |
|
|
|a DLC
|b eng
|e rda
|c DLC
|d OCLCO
|d N$T
|d YDX
|d EBLCP
|d GPRCL
|d OCLCF
|
| 019 |
|
|
|a 1409640198
|a 1409704546
|a 1431136900
|a 1453507097
|
| 020 |
|
|
|a 9781032670270
|q (ebook)
|
| 020 |
|
|
|a 1032670274
|
| 020 |
|
|
|a 9781003831129
|q (electronic bk.)
|
| 020 |
|
|
|a 1003831125
|q (electronic bk.)
|
| 020 |
|
|
|z 9781032392851
|q (hardback)
|
| 020 |
|
|
|z 9781032670263
|q (paperback)
|
| 020 |
|
|
|z 1032392851
|
| 035 |
|
|
|a (OCoLC)1412207078
|z (OCoLC)1409640198
|z (OCoLC)1409704546
|z (OCoLC)1431136900
|z (OCoLC)1453507097
|
| 042 |
|
|
|a pcc
|
| 050 |
|
4 |
|a TK7871.99.M44
|b A38 2024
|
| 082 |
0 |
0 |
|a 621.3815/284
|2 23/eng/20240116
|
| 245 |
0 |
0 |
|a Advanced MOS devices and their circuit applications /
|c edited by Ankur Beohar, Ribu Mathew, Abhishek Kumar Upadhyay and Santosh Kumar Vishvakarma.
|
| 250 |
|
|
|a First edition.
|
| 264 |
|
1 |
|a Boca Raton :
|b CRC Press, Taylor & Francis Group,
|c 2024.
|
| 300 |
|
|
|a 1 online resource.
|
| 336 |
|
|
|a text
|b txt
|2 rdacontent
|
| 337 |
|
|
|a computer
|b c
|2 rdamedia
|
| 338 |
|
|
|a online resource
|b cr
|2 rdacarrier
|
| 504 |
|
|
|a Includes bibliographical references and index.
|
| 505 |
0 |
|
|a An overview of DC/RF performance of nanosheet field effect transistor for future low power applications / Arun A V, Sajeesh M, Jobymol Jacob, J Ajayan -- Device design and analysis of 3D SCwRD cylindrical (Cyl) gate-all-around (GAA) tunnel FET using split-channel and spacer engineering / Ankur Beohar, Seema Tiwari, Kavita Khare, Santosh Kumar Vishvakarma -- Investigation of High-K dielectrics for single and multi-gate FETs / Sresta Valasa, Shubham Tayal, Laxman Raju Thoutam -- Measurement of back gate biasing for ultra low power subthreshold logic in FinFET device / Ajay Kumar Dadoria, Uday Panwar, Narendra Kumar Garg -- Compact analytical model for graphene field effect transistor : drift-diffusion approach / Abhishek Kumar Upadhyay, Siromani Balmukund Rahi -- Design of CNTFET-based ternary logic flip-flop and counter circuits using unary operators / Trapti Sharma -- Novel radiation hardened low power 12 transistors sram cell for aerospace application / Vancha Sharath Reddy, Arjun Singh Yadav, Soumya Sengupta -- Nanoscale CMOS static random access memory (SRAM) design : trends and challenges / Sunanda Ambulkar, Jeetendra Kumar Mishra -- Variants based Gate Modification (VGM) technique for reducing leakage power and short channel effect in DSM circuits / Uday Panwar, Ajay Kumar Dadoria -- A novel approach for high speed and low power by using nano-VLSI interconnects / Narendra Kumar Garg , Vivek Singh Kushwah, Ajay Kumar Dadoria.
|
| 532 |
1 |
|
|3 EBSCOhost
|a "EBSCO evaluates our products based on the Web Content Accessibility Guidelines (WCAG) and the related Section 508 and EN 301 549 regulations in the US and EU. Most EBSCO products are substantially conformant with WCAG 2.2 level AA." Source: https://connect.ebsco.com/s/article/EBSCO-VPATs?language=en_US. Last accessed April 22, 2025.
|
| 588 |
|
|
|a Description based on print version record and CIP data provided by publisher.
|
| 650 |
|
0 |
|a Metal oxide semiconductor field-effect transistors.
|
| 650 |
|
6 |
|a Transistors MOSFET.
|
| 650 |
|
7 |
|a Materials science
|2 fast
|0 (OCoLC)fst01011957
|
| 655 |
|
7 |
|a Electronic books.
|2 local
|
| 700 |
1 |
|
|a Beohar, Ankur,
|e editor.
|
| 700 |
1 |
|
|a Mathew, Ribu,
|e editor.
|
| 700 |
1 |
|
|a Upadhyay, Abhishek Kumar,
|e editor.
|
| 700 |
1 |
|
|a Vishvakarma, Santosh Kumar,
|e editor.
|
| 710 |
2 |
|
|a EBSCOhost
|
| 776 |
1 |
8 |
|i Print version:
|t Advanced MOS devices and their circuit applications
|b First edition.
|d Boca Raton : CRC Press, Taylor & Francis Group, 2024
|z 9781032392851
|w (DLC) 2023036436
|
| 856 |
4 |
0 |
|u http://proxy.library.tamu.edu/login?url=https://search.ebscohost.com/login.aspx?direct=true&scope=site&db=nlebk&db=nlabk&AN=3731076
|z Connect to the full text of this electronic book
|t 0
|
| 945 |
|
|
|b 657964
|
| 955 |
|
|
|a YBP purchased EBSCO DDA e-records
|
| 980 |
|
|
|b ebook
|c 90103644472
|f NONFIC/S
|g 565702
|k USD
|m 145.20
|q 1
|s AcqMono Conventional
|t Demand driven acquisitions (DDA)
|u Vendor order reference number
|v ZYBP
|y PDA
|z Electronic resource
|
| 999 |
f |
f |
|i 821c4d78-0928-4a76-af03-8e8ec28ee6d4
|s 9dbdd30e-b962-4fa9-9349-3d8618d29dad
|t 0
|
| 952 |
f |
f |
|a Texas A&M University
|b College Station
|c Electronic Resources
|s www_evans
|d Available Online
|t 0
|e TK7871.99.M44 A38 2024
|h Library of Congress classification
|
| 998 |
f |
f |
|a TK7871.99.M44 A38 2024
|t 0
|l Available Online
|